000 00286nam a2200109Ia 4500
008 201231s9999 xx 000 0 und d
100 _aHenderson, David R.
245 0 _a(The) Fortune Encyclopaedia of Economics
260 _aNew York
_bA Time Warner Company
300 _a876
942 _cBK
999 _c9635
_d9635